00355nam a2200145Ia 4500008004100000020001500041041001200056082001600068100001200084245004600096260003100142300000800173650001200181700001600193221030s9999 xx 000 0 und d a8171411320 aEnglish a105.23bMid aY. Mido 0aAtomic Structurecby Y. Mido, S. A. Iqbal bDiscovery PubaIndiac1991 a106 aPhysics aS. A. Iqbal